Goff v Gauthier (Record no. 32506)

MARC details
000 -LEADER
fixed length control field 01680cab a2200277 4500
001 - CONTROL NUMBER
control field ABS45354
008 - FIXED-LENGTH DATA ELEMENTS--GENERAL INFORMATION
fixed length control field 090401t1991 xxu||||| |||| 00| 0 eng d
035 ## - SYSTEM CONTROL NUMBER
System control number (Sirsi) u52503
041 ## - LANGUAGE CODE
Language code of text/sound track or separate title eng
245 ## - TITLE STATEMENT
Title Goff v Gauthier
260 ## - PUBLICATION, DISTRIBUTION, ETC.
Date of publication, distribution, etc. 1991
350 ## - PRICE (NR) (BK AM CF MU VM SE) [OBSOLETE]
Price 0
490 ## - SERIES STATEMENT
Series statement Property and Compensation Reports
Volume/sequential designation (1991) 62 P&CR 388-401(7)
520 ## - SUMMARY, ETC.
Summary, etc. ChD 27 March 1991. The defendants (D) agreed to purchase freehold property for £185,000. Contracts were exchanged on 28 October 1988 but D failed to complete the sale as agreed on 25 November 1988, as they had not been able to raise adequate finance. They had been aware of financial problems when they signed the contract but had been told by the plaintiff`s solicitor that if they did not sign on that date the sale was off as there was another purchaser ready to sign at a higher price. It turned out that there was no definite purchaser, merely one who was interested. Had D known this they would not have signed without the finance. The plaintiff sought to forfeit the deposit paid by D and recover damages, being the difference between contract price and the price at which it was eventually sold, £130,000 plus interest. D contended that the exchange of contracts had been induced as a result of material misrepresentations. They sought return of their deposit with interest. ChD held in fav
650 ## - SUBJECT ADDED ENTRY--TOPICAL TERM
Topical term or geographic name entry element BREACH OF CONTRACT
650 ## - SUBJECT ADDED ENTRY--TOPICAL TERM
Topical term or geographic name entry element COMPLETION
650 ## - SUBJECT ADDED ENTRY--TOPICAL TERM
Topical term or geographic name entry element CONTRACT
650 ## - SUBJECT ADDED ENTRY--TOPICAL TERM
Topical term or geographic name entry element DAMAGES
650 ## - SUBJECT ADDED ENTRY--TOPICAL TERM
Topical term or geographic name entry element DEPOSIT
650 ## - SUBJECT ADDED ENTRY--TOPICAL TERM
Topical term or geographic name entry element MISREPRESENTATION
650 ## - SUBJECT ADDED ENTRY--TOPICAL TERM
Topical term or geographic name entry element SALE OF PROPERTY
650 ## - SUBJECT ADDED ENTRY--TOPICAL TERM
Topical term or geographic name entry element VENDOR AND PURCHASER
690 ## - LOCAL SUBJECT ADDED ENTRY--TOPICAL TERM (OCLC, RLIN)
Topical term or geographic name as entry element PROPERTY LAW AND PRACTICE-CASE LAW
942 ## - ADDED ENTRY ELEMENTS (KOHA)
Suppress in OPAC 0
948 ## - LOCAL PROCESSING INFORMATION (OCLC); SERIES PART DESIGNATOR (RLIN)
c (OCLC) 04/03/1997
Holdings
Withdrawn status Lost status Source of classification or shelving scheme Damaged status Not for loan Home library Current library Shelving location Date acquired Total Checkouts Full call number Barcode Date last seen Copy number Price effective from Koha item type
    Dewey Decimal Classification     London London Journal article 14/09/1999   ABS45354 52503-1001 06/08/2019 1 06/08/2019 Law report